| 000 | 00517nam a2200181Ia 4500 | ||
|---|---|---|---|
| 003 | OSt | ||
| 005 | 20230623092647.0 | ||
| 008 | 230105s9999||||xx |||||||||||||| ||und|| | ||
| 020 | _a15617645 | ||
| 040 | _cChuka University Library | ||
| 050 |
_aBSL S 338 _bK4J68 2013 V |
||
| 100 |
_aJKUAT _94279 |
||
| 245 | 0 | _aJOURNAL OF AGRICULTURE SCIENCE AND TECHNOLOGY | |
| 260 |
_aJKUAT _bNAIROBI _c2013 |
||
| 300 |
_a218 P. _bIncludes Index |
||
| 650 |
_aJOURNAL OF AGRICULTURE SCIENCE AND TECHNOLOGY _910371 |
||
| 942 |
_cBK _2lcc |
||
| 999 |
_c6855 _d6855 |
||